000 00514nam a2200181Ia 4500
003 LK-CoDNM
008 010623t2010 xxu||||| |||| 00| 1 sin d
040 _aLK-CoDNM
_dLK-CoDNM
_eLK-CoDNM
041 _asin
080 _a294.3 PAN
100 _aNanayakkara,Sheranga
_eed.
245 _aනිවනට මඟ (මේඝීය සූත්‍රය)
246 _aNiwanata Maga (Megeeya Sutraya)
260 _bS.n.
_aS.I.
_c2010
300 _b45, 21 cm
700 _aPangasiri himi,Mirahawaththe
942 _cBK
999 _c129958
_d129958